Tratado de las obligaciones / (Record no. 162485)

MARC details
000 -LEADER
campo de control de longitud fija 00791nam a22002175i 4500
001 - NÚMERO DE CONTROL
campo de control 162485
003 - IDENTIFICADOR DE NÚMERO DE CONTROL
campo de control ES-MaACL
005 - FECHA Y HORA DE LA ÚLTIMA TRANSACCIÓN
campo de control 20250809060036.0
008 - DATOS DE LONGITUD FIJA--INFORMACIÓN GENERAL
campo de control de longitud fija 041118q18721910sp |||| | spa d
040 ## - FUENTE DE CATALOGACIÓN
Centro catalogador/agencia de origen CAM
Lengua de catalogación spa
Centro/agencia transcriptor CAM
100 1# - ENTRADA PRINCIPAL--NOMBRE DE PERSONA
Nombre de persona Pothier, Robert Joseph.
9 (RLIN) 131306
245 10 - MENCIÓN DEL TÍTULO
Título Tratado de las obligaciones /
Mención de responsabilidad, etc. de Pothier; traducido por S. M. S.
250 ## - MENCION DE EDICION
Mención de edición 3ª ed.
260 ## - PUBLICACIÓN, DISTRIBUCIÓN, ETC.
Lugar de publicación, distribución, etc. Barcelona :
Nombre del editor, distribuidor, etc. Biblioteca Científica y literaria,
Fecha de publicación, distribución, etc. [s.a.] (
Fabricante Imp. calle Cortes, num. 132)
300 ## - DESCRIPCIÓN FÍSICA
Extensión 2 v. ([4], 308; 458, VI p.) ;
Dimensiones 21 cm.
596 ## - NOTA AL PIE DE IMPRENTA
NOTA AL PIE DE IMPRENTA Se ha tomado como referencia para el año la 2ª ed. que es de 1872.
650 #7 - PUNTO DE ACCESO ADICIONAL DE MATERIA--TÉRMINO DE MATERIA
Término de materia o nombre geográfico como elemento de entrada Derecho civil
Fuente del encabezamiento o término embne
9 (RLIN) 11656
650 #7 - PUNTO DE ACCESO ADICIONAL DE MATERIA--TÉRMINO DE MATERIA
Término de materia o nombre geográfico como elemento de entrada Contratos
Fuente del encabezamiento o término embne
9 (RLIN) 11326
852 ## - LOCALIZACIÓN
Ubicación ES-MaACL
Número de control de estantería D-1169-1170
Nota libre -- Enc. hol.
Holdings
Estatus retirado Estado de pérdida Estado de daño No para préstamo Biblioteca de origen Biblioteca actual Ubicación en estantería Fecha de adquisición Fuente de adquisición Total de préstamos Signatura topográfica completa Código de barras Visto por última vez Precio de reemplazo Tipo de ítem Koha
        Biblioteca del Ateneo de Madrid Biblioteca del Ateneo de Madrid Sala Valle Inclán 17/01/2008     D-1169-1170 901170223 23/02/2023 23/02/2023 Libro impreso